Textbook of Microbiology for Nursing (Record no. 158670)

MARC details
000 -LEADER
fixed length control field 00389nam a2200145Ia 4500
008 - FIXED-LENGTH DATA ELEMENTS--GENERAL INFORMATION
fixed length control field 230411s9999 xx 000 0 und d
020 ## - INTERNATIONAL STANDARD BOOK NUMBER
International Standard Book Number 978-81-8296-705-2
041 ## - LANGUAGE CODE
Language code of text/sound track or separate title eng
082 ## - DEWEY DECIMAL CLASSIFICATION NUMBER
Classification number M/613/BAV/B09800
100 ## - MAIN ENTRY--PERSONAL NAME
Personal name Baveja C P
9 (RLIN) 177549
245 ## - TITLE STATEMENT
Title Textbook of Microbiology for Nursing
260 ## - PUBLICATION, DISTRIBUTION, ETC. (IMPRINT)
Name of publisher, distributor, etc. Arya Publications
Place of publication, distribution, etc. New Delhi
Date of publication, distribution, etc. 2019
300 ## - PHYSICAL DESCRIPTION
Extent 294p
Holdings
Withdrawn status Lost status Damaged status Not for loan Collection code Home library Current library Date acquired Vendor Cost, normal purchase price Bill number Total Checkouts Total Renewals Full call number Barcode Date last seen Date last checked out Cost, replacement price Bill Date Koha item type Original Barcode
          Smt. Bakul Tambat Institute of Nursing Education Smt. Bakul Tambat Institute of Nursing Education 30/03/2022 Varad Enterprises 450.00 450 18 14 M 613 BAV B09800 BTIN-BK-9800 17/09/2025 02/08/2025 337.50 26/03/2022 Books B09800
          Smt. Bakul Tambat Institute of Nursing Education Smt. Bakul Tambat Institute of Nursing Education 30/03/2022 Varad Enterprises 450.00 450 12 8 M 613 BAV B09801 BTIN-BK-9801 20/07/2024 12/07/2024 337.50 26/03/2022 Books B09801
          Smt. Bakul Tambat Institute of Nursing Education Smt. Bakul Tambat Institute of Nursing Education 30/03/2022 Varad Enterprises 450.00 450 18 11 M 613 BAV B09802 BTIN-BK-9802 04/10/2025 15/09/2025 337.50 26/03/2022 Books B09802
          Smt. Bakul Tambat Institute of Nursing Education Smt. Bakul Tambat Institute of Nursing Education 30/03/2022 Varad Enterprises 450.00 450 11 8 M 613 BAV B09803 BTIN-BK-9803 19/01/2024 27/12/2023 337.50 26/03/2022 Books B09803
          Smt. Bakul Tambat Institute of Nursing Education Smt. Bakul Tambat Institute of Nursing Education 30/03/2022 Varad Enterprises 450.00 450 16 8 M 613 BAV B09804 BTIN-BK-9804 04/10/2025 15/09/2025 337.50 26/03/2022 Books B09804